Budování pracovních vztahů v týmu
Najčastejšie slabé miesta v pracovných vzťahoch. Ako ich riešiť.
Na minha lista:
| Autor principal: | |
|---|---|
| Formato: | Capítulo de Livro |
| Idioma: | tcheco |
| Assuntos: | |
| Tags: |
Sem tags, seja o primeiro a adicionar uma tag!
|
MARC
| LEADER | 00000naa a2200000 4500 | ||
|---|---|---|---|
| 001 | 0166317 | ||
| 005 | 20231019120335.9 | ||
| 041 | 0 | |a cze | |
| 044 | |a CZ | ||
| 245 | 1 | 0 | |a Budování pracovních vztahů v týmu |c Jitka Tejnorová |
| 520 | |a Najčastejšie slabé miesta v pracovných vzťahoch. Ako ich riešiť. | ||
| 610 | 2 | 0 | |a firmy |
| 610 | 2 | 0 | |a zamestnanci |
| 610 | 2 | 0 | |a manažéri |
| 610 | 2 | 0 | |a vedenie ľudí |
| 610 | 2 | 0 | |a vzťahy pracovné |
| 100 | 1 | |a Tejnorová, Jitka | |